000 01095nam a2200325 a 4500
001 vtls001267703
003 NLI
005 20210627041922.0
008 120404s1899 ii 000 p ben
020 _cRs. 0.50
039 9 _y201204042251
_zVLOAD
040 _aNLI
_bbeneng
_cDatasoft_Bengali
_eAACR2
041 0 _aben
044 _a ii
084 _a182
100 1 _6880-01
_aবসু, যোগীন্দ্রনাথ
_9690860
245 1 0 _6880-02
_aকবিতা প্রসঙ্গ /
_cযোগীন্দ্রনাথ বসু
250 _a3rd ed.
260 _aকলিকাতা :
_bনব্যভারত প্রেস,
_c1899
300 _a132 p, 20 p. ;
_c18 cm.
650 0 _aBengali poetry
880 1 0 _6100-01(B
_aBasu, Yogīndranāth
880 1 0 _6245-02(B
_aKabitā prasaṅga /
_cYogīndranāth Basu
887 _a Abhik Ghos (Soumya)
901 _aBEO2005
_b25.02.2012
902 _a182 Nd 899.10
904 _cAbhik Ghos (Soumya)
_lB 12765
949 _AVIRTUAITEM
_D10000
_X100
_6BEO000002005BEN
942 _2ddc
_cBKS
999 _aVIRTUA40
_c572309
_d572309